<?xml version="1.0" encoding="UTF-8"?>
<record
    xmlns:xsi="http://www.w3.org/2001/XMLSchema-instance"
    xsi:schemaLocation="http://www.loc.gov/MARC21/slim http://www.loc.gov/standards/marcxml/schema/MARC21slim.xsd"
    xmlns="http://www.loc.gov/MARC21/slim">

  <leader>00445nam a22001577a 4500</leader>
  <controlfield tag="005">20150214112152.0</controlfield>
  <controlfield tag="008">150214b        xxu||||| |||| 00| 0 eng d</controlfield>
  <datafield tag="020" ind1=" " ind2=" ">
    <subfield code="a">0521370191</subfield>
  </datafield>
  <datafield tag="040" ind1=" " ind2=" ">
    <subfield code="c">PK-LaUMT</subfield>
  </datafield>
  <datafield tag="082" ind1=" " ind2=" ">
    <subfield code="a">KHC 297.822</subfield>
    <subfield code="b">FAR-I</subfield>
  </datafield>
  <datafield tag="100" ind1=" " ind2=" ">
    <subfield code="a">&#x641;&#x631;&#x6C1;&#x627;&#x62F; &#x62F;&#x641;&#x62A;&#x631;&#x6CC;</subfield>
  </datafield>
  <datafield tag="245" ind1=" " ind2=" ">
    <subfield code="a">&#x627;&#x633;&#x645;&#x627;&#x639;&#x6CC;&#x644;&#x6CC; </subfield>
    <subfield code="b">&#x62A;&#x627;&#x631;&#x6CC;&#x62E; &#x648; &#x639;&#x642;&#x627;&#x626;&#x62F;</subfield>
    <subfield code="c">&#x641;&#x631;&#x6CC;&#x627;&#x62F; &#x62F;&#x641;&#x62A;&#x631;&#x6CC;</subfield>
  </datafield>
  <datafield tag="260" ind1=" " ind2=" ">
    <subfield code="a">&#x6A9;&#x631;&#x627;&#x686;&#x6CC;</subfield>
    <subfield code="b">&#x627;&#x642;&#x628;&#x627;&#x644; &#x628;&#x631;&#x627;&#x62F;&#x631;&#x632;</subfield>
    <subfield code="c">1997</subfield>
  </datafield>
  <datafield tag="300" ind1=" " ind2=" ">
    <subfield code="a">991 &#x635;</subfield>
  </datafield>
  <datafield tag="942" ind1=" " ind2=" ">
    <subfield code="c">BK</subfield>
  </datafield>
  <datafield tag="999" ind1=" " ind2=" ">
    <subfield code="c">66240</subfield>
    <subfield code="d">66240</subfield>
  </datafield>
  <datafield tag="952" ind1=" " ind2=" ">
    <subfield code="0">0</subfield>
    <subfield code="1">0</subfield>
    <subfield code="4">0</subfield>
    <subfield code="7">0</subfield>
    <subfield code="a">01</subfield>
    <subfield code="b">01</subfield>
    <subfield code="d">2015-02-14</subfield>
    <subfield code="l">0</subfield>
    <subfield code="o">KHC 297.822 FAR-I</subfield>
    <subfield code="p">70478</subfield>
    <subfield code="r">2015-02-14 00:00:00</subfield>
    <subfield code="w">2015-02-14</subfield>
    <subfield code="y">BK</subfield>
  </datafield>
</record>
